000
00214 a2200097 4500
001
51880
100
_a
Haliday, D
245
_a
Fundamentals of Physics
260
_a
New York
_b
John Wiley
_c
090
_c
32768
_d
32768
942
_a
NUST-CAE
_c
M
_c
25300
999
_c
286953
_d
286953